Detalles MARC
| 000 -LEADER |
| fixed length control field |
03822nam a2200385Ii 4500 |
| 001 - CONTROL NUMBER |
| control field |
DIGUAH0008 |
| 003 - CONTROL NUMBER IDENTIFIER |
| control field |
NyNyDIG |
| 008 - FIXED-LENGTH DATA ELEMENTS--GENERAL INFORMATION |
| fixed length control field |
141124s2008 cl ob 000 f spa d |
| 006 - FIXED-LENGTH DATA ELEMENTS--ADDITIONAL MATERIAL CHARACTERISTICS |
| fixed length control field |
m o d |
| 007 - PHYSICAL DESCRIPTION FIXED FIELD--GENERAL INFORMATION |
| fixed length control field |
cr ||||||||||| |
| 035 ## - SYSTEM CONTROL NUMBER |
| System control number |
(OCoLC)899045199 |
| 040 ## - CATALOGING SOURCE |
| Original cataloging agency |
DGITA |
| Language of cataloging |
eng |
| Description conventions |
rda |
| -- |
pn |
| Transcribing agency |
DGITA |
| 020 ## - INTERNATIONAL STANDARD BOOK NUMBER |
| International Standard Book Number |
9789568421977 |
| Qualifying information |
(eBook) |
| 020 ## - INTERNATIONAL STANDARD BOOK NUMBER |
| Canceled/invalid ISBN |
9789568421748 |
| 050 14 - LIBRARY OF CONGRESS CALL NUMBER |
| Classification number |
PQ8036.5.B67 eBook |
| 245 00 - TITLE STATEMENT |
| Title |
.Cl : |
| Remainder of title |
textos de frontera / |
| Statement of responsibility, etc. |
Beatriz García-Huidobro, Andrea Jeftanovic, editoras ; comité editorial: Ignacio Álvarez, Lorena Amaro, Eugenia Brito, Javier Edwards, Fernando Pérez. |
| 264 #1 - PRODUCTION, PUBLICATION, DISTRIBUTION, MANUFACTURE, AND COPYRIGHT NOTICE |
| Place of production, publication, distribution, manufacture |
Santiago de Chile : |
| Name of producer, publisher, distributor, manufacturer |
Ediciones Universidad Alberto Hurtado, |
| Date of production, publication, distribution, manufacture, or copyright notice |
2012. |
| 300 ## - PHYSICAL DESCRIPTION |
| Extent |
1 online resource (299 pages). |
| 336 ## - CONTENT TYPE |
| Content type term |
text |
| Content type code |
txt |
| Source |
rdacontent |
| 337 ## - MEDIA TYPE |
| Media type term |
computer |
| Media type code |
c |
| Source |
rdamedia |
| 338 ## - CARRIER TYPE |
| Carrier type term |
online resource |
| Carrier type code |
cr |
| Source |
rdacarrier |
| 588 0# - SOURCE OF DESCRIPTION NOTE |
| Source of description note |
Online resource; title from PDF title page (Digitalia, viewed November 24, 2014) |
| 505 0# - FORMATTED CONTENTS NOTE |
| Formatted contents note |
Narrando las fronteras de Chile / Beatriz García-Huidobro Andrea Jeftanovic -- El 34 / Alejandro Zambra -- El alguacil / Marco Antonio De la Parra -- Así... / Eugenia Prado -- Auto-geografias / María José Navia -- El boche / Guadalupe Santa Cruz -- Boy / Mike Wilson -- Cachipún / Alejandra Costamagna -- La casa nueva / Natalia Berbelagua -- Los conspiradores / Daniel Hidalgo -- Un mapa contrahecho / Ignacio Álvarez -- La cortina trasparente / Carlos Labbé -- El cristal con que se mira / Darío Oses -- El cuchillo / Fátima Sime -- En el Azul de los Sueños (y los contasueños) / Elicura Chihuailaf -- En la isla / Nicolás Poblete -- El estado de la cuestión / Kato Ramone -- El estante vacío / Francisco Díaz Klassen -- Una fábula hardcore / Patricio Jara -- ¿Con qué limita .cl? / Lorena Amaro -- Fatiga de material / Beatriz García-Huidobro -- Felicidad en blanco y negro / Lilian Elphick -- Figuras ordinarias / Roberto Brodsky -- La frontera y su sombra / Luis Seguel -- Función de teatro / Juan Mihovilovich -- Guardia Malo / Carlos Tromben -- La hoguera / Simón Soto -- El ladrido de los perros / Diego Zúñiga -- Tránsito obligado en la postdictadura / Eugenia Brito -- Lee cada palabra que escribo por encima de mi hombro derecho / María José Viera-Gallo -- La línea de la concordia / Pablo Toro -- Madariaga colectivo / Marcelo Mellado -- Mantis religiosa / Juan Pablo Sutherland -- Me dirijo al infierno / Rodrigo Díaz Cortez -- ¿Me quieres follar? / Claudia Apablaza -- Mi noche junto a una cala negra / Cynthia Rimsky -- La niña del zapato roto / Yuri Pérez -- La identidad, los límites / Javier Edwards -- El ojo de Watanabe / Andrea Jeftanovic -- Palabras y hormigas / Isabel Mellado -- Petrarca o el crepúsculo / Pablo Torche -- La posibilidad de la taza sobre la mesa / Marcelo Simonetti -- POZO / Álvaro Bisama -- El querisque / Andrea Maturana -- Random / Daniel Rojas Pacha -- Un catálogo de cosas: armas, amuletos y portales / Fernando Pérez -- Se busca muchacho / José Leandro Urbina -- Space Invaders / Nona Fernández -- Tajo abierto / Sergio Missana -- Terremoto en la frontera / Juan Pablo Meneses -- La voz / Luis López Aliaga. |
| 650 #0 - SUBJECT ADDED ENTRY--TOPICAL TERM |
| Topical term or geographic name entry element |
Short stories, Chilean |
| Chronological subdivision |
21st century. |
| 651 #0 - SUBJECT ADDED ENTRY--GEOGRAPHIC NAME |
| Geographic name |
Chile |
| General subdivision |
Boundaries |
| Form subdivision |
Fiction. |
| 655 #0 - INDEX TERM--GENRE/FORM |
| Genre/form data or focus term |
Electronic books. |
| 700 1# - ADDED ENTRY--PERSONAL NAME |
| Personal name |
García-Huidobro, Beatriz, |
| Dates associated with a name |
1960- |
| Relator term |
editor. |
| 700 1# - ADDED ENTRY--PERSONAL NAME |
| Personal name |
Jeftanovic, Andrea, |
| Dates associated with a name |
1970- |
| Relator term |
editor. |
| 776 08 - ADDITIONAL PHYSICAL FORM ENTRY |
| Relationship information |
Print version: |
| Title |
.cl : textos de frontera. |
| Place, publisher, and date of publication |
Santiago de Chile : Ediciones Universidad Alberto Hurtado, 2008 |
| International Standard Book Number |
9789568421748 |
| Record control number |
(OCoLC)822968171 |
| 793 0# - |
| -- |
Digitalia eBook Collection: |
| -- |
Ediciones Universidad Alberto Hurtado |
| 791 2# - |
| -- |
Digitalia (Firm) |
| -- |
publisher |
| 856 40 - ELECTRONIC LOCATION AND ACCESS |
| Materials specified |
Digitalia Hispánica |
| Uniform Resource Identifier |
<a href="https://www.digitaliapublishing.com/a/23688/">https://www.digitaliapublishing.com/a/23688/</a> |
| 910 ## - USER-OPTION DATA (OCLC) |
| User-option data |
Premium Collection: 2014 |
| 942 ## - ADDED ENTRY ELEMENTS (KOHA) |
| Koha item type |
Recurso Electrónico |